000 02501cam a22005894i 4500
003 PE-LiUPU
005 20250731165510.0
008 180131s2017 sp a r0 001 0 spa d
020 _a9789587623826
035 _a(Sirsi) a241131
040 _aPE-LiUPU
_bspa
_cPE-LiUPU
_erda
049 _aPRUA
082 0 4 _a005.8
_bR24
_221
100 1 _aRamos Varón, Antonio Ángel,
_eautor.
245 1 0 _aHacking práctico de redes Wi-Fi y radiofrecuencia /
_cAntonio Ángel Ramos Varón, Carlos A. Barbero Muñoz, Yago Fernandez Hasen, Deepak Daswani Daswani, David Marugán Rodríguez.
264 1 _aBogotá :
_bAnaya Multimedia,
_c2017.
300 _a277 páginas :
_bilustraciones ;
_c24 centímetros.
336 _atext
_2rdacontent
337 _aunmediated
_2rdamedia
338 _avolume
_2rdacarrier
490 0 _aInformática
504 _aÍndice : páginas 275-277.
505 0 _aNociones de tecnología WI-FI -- La tienda especializada en WI-FI -- "Antes de hablar hay que pensar" -- Búsqueda de objetivos y análisis de señal -- Ataques en redes WI-FI I: ocultación de huellas y ataques a redes abiertas -- Ataques en redes WI-FI II: ataques a redes WEP -- Ataques en redes WI-FI III: ataques a WPA/WPA2, WPS y otros ataques -- Introducción a las radiocomunicaciones -- La seguridad en las radiocomunicaciones -- Introducción en sistemas digitales de radicomunicaciones.-- Hacking radio: SDR.
526 _aSEG44
526 _aSEG26
526 _aP151
526 _aP150
526 _aP149
526 _aP146
526 _aP145
526 _aP126
526 _aP125
526 _aP92
526 _aP75
526 _aP74
526 _aP27
526 _aP15
541 _g0001-0042354;
650 0 4 _aSeguridad informática.
_92749
650 0 4 _aRedes informáticas.
650 0 4 _aInformatic security.
650 0 4 _aComputer networks.
700 1 _aBarbero Muñoz, Carlos Alberto,
_eautor.
700 1 _aMartínez Sánchez, Rubén,
_eautor.
700 1 _aGarcía Moreno, Ángel,
_eautor.
700 1 _aGonzález Nava, Jesús María,
_eautor.
910 _adbm
_bksl
_cksl
_d20180131
942 _2ddc
_cBOOK
994 _aC0
_bPEPRU
596 _a1
999 _a005.8 R24
_wLC
_c26770
_i78115
_d26770
_e2022-6-28
_f2021-11-9
_g4
_lCCODEBUL1
_mBUL
_n8
_p23.04
_q1
_r0
_sY
_tBOOK
_u2018-1-31
_xINGENIERIA
_PP27
_0COMPRA
_o.STAFF. Colección Ingeniería y Arquitectura
980 _81
_gALBERTO SANCHEZ Responsable de Automatización